MDQL
is popping MORE tags! Check the
thread
!
Quizzes
Events
Quiz Creation
Community
Videos
Private Events
Remove Ads
Sign In
Join for FREE
Feedback
Dark Mode
Quiz Categories
Sports
Geography
Music
Movies
Television
Just For Fun
Miscellaneous
History
Literature
Language
Science
Gaming
Entertainment
Religion
Holiday
For Kids
Quiz Lab
Recent
Popular Today
Quiz Kudos Today
Editor Picks
Curator Picks
Quizzes by...
Day
Popularity
Type
Ratings
Length
Year
Community
Subscriptions
Recent Discussions
Orange Saloon
Badges
Playlists
Quests
Create
Leaderboards
Showdown
Live 5
Trivia Bingo
Activity
Puzzle Library
Sporcle Events
Private Events
Virtual Trivia
Globe League
Become a Host
Pub Owners
SporcleCon
Opinionation
Our Games
Videos
Blog
Mobile Apps
Partnerships
Remove Ads and Go Orange
Feedback
Music
Pop Music
The Beatles
Song
Album
Lyrics
Bands
Singers
Artist
Clip
Rock
Rap
Classical
Billboard
Country Music
Kpop
Taylor Swift
Music
Pop Music
The Beatles
Song
Album
Lyrics
Bands
Singers
Artist
Clip
Rock
Rap
Classical
Billboard
Country Music
Kpop
Taylor Swift
Random Quiz
Search Sporcle
×
Quiz Lab
Quiz Lab
Music
Song
Type in answers that appear in a list
Type in answers that appear in a list
Classic
Best Score? Go Orange.
Single Word Bob Dylan Songs Stats
Can you name the Single Word Dylan Songs?
By
krav1414
7m
26 Questions
192 Plays
192 Plays
192 Plays
Comments
Comments
Give Quiz Kudos
Give Quiz Kudos
-
- Ratings
hide this ad
Replay
Link that replays current quiz
Next Quiz
Link to next quiz in quiz playlist
You Got
0%
They Got
Avg Score
38%
Avg Friend Score
Upgrade to see
Score Distribution
Jump to the score distribution portion of the page
Score
0/26
Timer
07:00
0
Plays Today
Album
Song
% Correct
Desire
Hurricane
86.9%
Desire
Sara
75.9%
Desire
Isis
67.5%
Desire
Joey
67%
Infidels
Jokerman
66.5%
Desire
Mozambique
59.7%
Love & Theft
Mississippi
58.1%
Saved
Saved
58.1%
Greatest Hits Vol. 3, MTV Unplugged
Dignity
42.9%
Planet Waves
Dirge
40.3%
Down in the Groove
Silvio
39.8%
Time Out of Mind
Highlands
36.6%
Together Through Life
Jolene
33%
Album
Song
% Correct
Planet Waves
Hazel
31.4%
New Morning
Winterlude
27.7%
Self Portrait
Wigwam
26.2%
The Bootleg Series, Vol. 1-
3
Angelina
23%
The Bootleg Series, Vol. 1-
3
Catfish
21.5%
Love & Theft
Moonlight
19.9%
World Gone Wrong
Delia
19.9%
Shot of Love
Trouble
17.8%
Under the Red Sky
Unbelievable
17.8%
Down in the Groove
Shenandoah
14.7%
The Bootleg Series, Vol. 1-
3
Wallflower
14.1%
The Bootleg Series, Vol. 1-
3
Moonshiner
12%
World Gone Wrong
Jack-A-Roe
11.5%
Quiz Playlist
Details
Report
Send in Message
Add To Playlist
Classic:
Type in answers that appear in a list
Quiz Source
Last Updated: Feb 16, 2017
Quiz Scoreboard
CHALLENGE
Sign Up to Join the Scoreboard
Show All
Scores
Hide
Comments
May contain spoilers
Recently Published
Two Season TV Shows II
by 123Four
Television
10m
Image Sorting: Flags VI
by Barbecue
Geography
2m
Find the 'City' Movie
by crazypaving
Movies
60s
More to Explore
Quiz From the Vault
Featured Blog Post
14 Easter Pick-up Lines to Find Eggs With
hide this ad
You Might Also Like...
Tags
Album Quiz
Song Quiz
1-word
bob
Dylan
Dylan Songs
Single
Today's Top Quizzes in Music
Browse Music
hide this ad
Today's Top Quizzes in Song
Browse Song
Top Contributed Quizzes in Music
1
5X2 Blitz: Bands II
2
5X2 Blitz: The Beatles
3
Taylor Swift All Songs (2024)
4
5X2 Blitz: Billboard
5
5X2 Blitz: Billboard II
6
5X2 Blitz: Album
7
5X2 Blitz: Singers
8
5X2 Blitz: Rock
9
Music Artist by Three 2010s hits
10
5X2 Blitz: Lyrics
Explore More
Trending Topics
Crossword
Marvel
Anime
NBA
Disney
Harry Potter
Kpop
The Office
Soccer
NFL
WWE
Country
Puzzle
Song
Pokémon
hide this ad
More By:
krav1414
Quiz
Plays
Rating
Category
Featured
Created
Bob Dylan Songs (1960s)
7,522
4.57
Music
Oct 4, 2009
Neil Young Songs (1968-1979)
4,212
4.50
Music
Oct 5, 2009
Bruce Springsteen singles in the Top 50
917
5.00
Music
Dec 2, 2009
David Bowie Top 40 US/UK Singles
839
4.43
Music
Dec 10, 2009
Bruce Springsteen A-Z
782
3.13
Music
Oct 5, 2009
Go to Creator's Profile
Score Distribution
Quiz Creator Spotlight
krav1414
Follow
Send a Message
Quizzes Created
-
Created Quiz Play Count
-
More By This Creator
Popular Quizzes Today
1
Find the US States - No Outlines Minefield
2
Colored Red Africa Blitz
3
Find the 'City' Movie
4
5x2 Blitz: Bands
5
The Countries of the World
6
Find the Countries of Europe - No Outlines Minefield
7
Find the US States
8
US States
More Music Quizzes
Artists in Billboard's Top 10 (2000)
Quiz Lab
Trending Quizzes
Colored Red Europe Blitz I
Colored Red Africa Blitz II
Colored Red Europe Blitz II
Colored Red Africa Blitz III
Colored Red Europe Blitz III
Recently Updated
How Do You Spell That?
pecheneg
Godzilla Movies
pecheneg
Grab Bag: 4-10 Letters
pecheneg
2024 March Madness Bracket
pecheneg
Famous TV Couples
Peacemaker
Champions League XIs: Real Madrid
pecheneg
Largest US Cities 1790-2010
pecheneg
Rides in Walt Disney World
pecheneg
Most Oscar Losses (Acting)
pecheneg
Beyoncé Albums
pecheneg
Trending Topics
Kpop
Disney
Crossword
Marvel
Harry Potter
Anime
NBA
Country
Song
Puzzle
NFL
The Office
Pokémon
WWE
Soccer
Your Account Isn't Verified!
In order to create a playlist on Sporcle, you need to verify the email address you used during registration. Go to your
Sporcle Settings
to finish the process.
Report this User
Report this user for behavior that violates our
Community Guidelines
.
Details:
Send Report
Go to the Sporcle.com Mobile Site →
Comments